00449nam a2200157Ia 4500003000400000008004100004040001600045082001300061100002200074245009600096700002100192260003100213300001000244650001500254650002200269GCL140319s9999 xx 000 0 eng d aGCL / cGCL04a843bN L1 aNABOKOV, VLADIMIR10aLITTERATURESI: AUSTEN DICKENS FLAUBERT STEVENSON PROUST KAFKKKA JOYCE / cNABOKOV, VLADIMIR1 aPASQUIER, HELONE a[S.N] : bFAYARD ، c1985 a551 P04aLITERATURE04aFRENCH LITERATURE